• 首页
  • 本馆介绍
  • 公告通知
  • 最新文献
  • 馆藏检索
  • 电子资源
  • 读者导购
  • 参考咨询
  • 我的图书馆
  • 登录
  • 详细信息显示
  • 放入我的书架
  • 预约/预借图书
  • 作者相关作品
  • 分类相关作品
  • 丛书相关作品
  • 出版社相关作品

书目信息

  • 表格格式
  • 工作单格式
  • 卡片格式
题名:
拉丁美洲的托洛茨基主义
    
 
作者: 亚历山大 , Alexander 著 ;高舌 译
分册:  
出版信息: 北京   商务印书馆  1984
页数: 373页
开本: 21cm
丛书名:
单 册:
中图分类: D169 , D181.7
科图分类:
主题词: 托洛茨基主义--拉丁美洲 , 国际共产主义运动
电子资源:
ISBN:
000 00819nam0 2200289 45
001 0184010596
005 20040427151122.0
010    @dCNY1.50
091    @a3017.340
100    @a19950621d1984 em y0chiy0121 ea
101 1  @achi@ceng
102    @aCN@b110000
105    @ay z 000yy
106    @ar
200 10 @a拉丁美洲的托洛茨基主义@Ala ding mei zhou de tuo luo ci ji zhu yi@f(美)亚历山大(Alexander,R.J.)著@g高舌译
210    @a北京@c商务印书馆@d1984
215    @a373页@d21cm
606    @a托洛茨基主义@y拉丁美洲
606 0  @a国际共产主义运动
690    @aD169@v3
690    @aD181.7
701  1 @a亚历山大@Aya li shan da@bR.J.@4著
701 A1 @aAlexander@bR.J.@4著
702  0 @a高舌@Agao she@4译
801  0 @aCN@b上海图书馆@c20040427
801  2 @aCN@bNLC@c20040427
905    @f1@b172384@dD181.7@e5
    
    拉丁美洲的托洛茨基主义/(美)亚历山大(Alexander,R.J.)著/高舌译.-北京:商务印书馆,1984
    373页;21cm
    
    
    ISBN :CNY1.50
    
●
相关链接 在E读中查询图书 在五车中查询图书 在当当中查询图书 在豆瓣中查询图书


正题名:拉丁美洲的托洛茨基主义     索取号:D181.7/5         预约/预借

序号 登录号 条形码 馆藏地/架位号 状态 备注
1 0172384   001011265   第一借阅区/ [索取号:D181.7/5] 在馆    
2 0172385   001011274   第一样本阅览室/ [索取号:D181.7/5] 在馆    
唐山师范学院图书馆 欢迎您!
大连网信软件有限公司© 版权所有